Statistics for Most Populated Countries Containing 'E'

Click here to take the quiz!

General Stats

  • This quiz has been taken 1,338 times
    (709 since last reset)
  • The average score is 16 of 20

Answer Stats

PopulationCountry% Correct
321 milUnited States
98%
81 milGermany
94%
66 milFrance
93%
64 milUnited Kingdom
93%
255 milIndonesia
92%
121 milMexico
92%
89 milEgypt
91%
90 milEthiopia
88%
182 milNigeria
86%
43 milArgentina
84%
158 milBangladesh
78%
77 milD.R. Congo
76%
77 milTurkey
76%
91 milVietnam
75%
101 milPhilippines
73%
39 milAlgeria
71%
51 milSouth Korea
71%
42 milUkraine
68%
46 milKenya
65%
32 milUzbekistan
33%

Score Distribution

Percentile by Number Answered

Percent of People with Each Score

Your Score History

You have not taken this quiz since the last reset